Advanced engineering mathematics / (Record no. 147255)

MARC details
000 -LEADER
fixed length control field 00803nam a22002177a 4500
005 - DATE AND TIME OF LATEST TRANSACTION
control field 20171108130207.0
010 ## - LCCN (DPL NO)
LC control number B-680715
020 ## - INTERNATIONAL STANDARD BOOK NUMBER
Terms of availability 695.00
International Standard Book Number 9788184875607
035 ## - SYSTEM CONTROL NUMBER
System control number B-680715
037 ## - SOURCE OF ACQUISITION
Stock number DPL
Source of stock number/acquisition Pansy Books
082 ## - DEWEY DECIMAL CLASSIFICATION NUMBER
Classification number 510.2462
100 ## - MAIN ENTRY--PERSONAL NAME
Personal name Jain, R.K.
245 ## - TITLE STATEMENT
Title Advanced engineering mathematics /
Statement of responsibility, etc by R.K. Jain [and] S.R.K. Iyengar
250 ## - EDITION STATEMENT
Edition statement 5th ed
260 ## - PUBLICATION, DISTRIBUTION, ETC. (IMPRINT)
Place of publication, distribution, etc New Delhi
Name of publisher, distributor, etc Narosa Pub. House
Date of publication, distribution, etc 2017
270 ## - ADDRESS
Address 22 Delhi Medical Association Road, Darya Ganj,
City New Delhi
Postal code 110002
300 ## - PHYSICAL DESCRIPTION
Extent various pagings
Dimensions 24cm(pbk)
700 ## - ADDED ENTRY--PERSONAL NAME
Personal name Iyengar, S.R.K.
942 ## - ADDED ENTRY ELEMENTS (KOHA)
Source of classification or shelving scheme Dewey Decimal Classification
Item type English Books
Call number suffix DAY
Classification part 510.2462
Holdings
Withdrawn status Lost status Not for loan Collection code Home library Current library Date acquired Source of acquisition Cost, normal purchase price Full call number Barcode Copy number Cost, replacement price Koha item type
      Non-fiction Patel Nagar Patel Nagar 08/11/2017 RP-Patel Nagar- Bill No.1682, dated 5.10.2017 695.00 510.2462 DAY B-680715 1 695.00 English Books

© Delhi Public Library
Hit Counter
free hit counter